LIBRARY & INFORMATION CENTRE, KCAET, TAVANUR

ONLINE PUBLIC ACCESS CATALOGUE (OPAC)

Irrigation system design: An engineering approach / (Record no. 6899)

MARC details
000 -LEADER
fixed length control field 00457cam a2200169ua 4500
020 ## - INTERNATIONAL STANDARD BOOK NUMBER
ISBN 0-13-506163-6
041 ## - LANGUAGE CODE
Language code of text/sound track or separate title eng
082 ## - DEWEY DECIMAL CLASSIFICATION NUMBER
Classification number 631.587003
Item number CUE/IR
100 ## - MAIN ENTRY--AUTHOR NAME
Personal name Cuenca, Richard H .
245 ## - TITLE STATEMENT
Title Irrigation system design: An engineering approach /
260 ## - PUBLICATION, DISTRIBUTION, ETC. (IMPRINT)
Place of publication New Jersey :
Name of publisher Prentice Hall Inc ,
Year of publication 1989.
300 ## - PHYSICAL DESCRIPTION
Number of Pages 552 ; .
500 ## - GENERAL NOTE
General note **Reference
942 ## - ADDED ENTRY ELEMENTS (KOHA)
Koha item type Books
Holdings
Withdrawn status Lost status Damaged status Home library Current library Date acquired Full call number Accession Number Koha item type
      KAUAET KAUAET 07/04/2012 631.587003 17654 Reference
free website counter